00509nam a2200157Ia 4500008004100000082001500041100001800056245002200074250001200096260004400108300001000152600002100162942000700183952014400190999001700334250604s9999 xx 000 0 und d a005.43 SHU aShukla, Vijay 0aOperating Systems a3rd ed. aNew Delhi:bS. K. Kataria & Sons,c2014 a330p. aComputer Science cGB 00104070aUITUbUITUcGIFd2025-06-04eGifted by Anonymousl0o005.43 SHUpG195r2025-06-04 16:03:07w2025-06-04yGBzGifted by Anonymous c31365d31365